000 02296cam a22002294a 4500
005 20250605164212.0
008 250528s ||||||||||||||||||||||||d
035 _a20301
020 _a256058253
040 _aGR-AtMCL
_bgre
_dGR-AtMCL
_eAACR2
245 1 _aInternational Business / Introduction and Essentials: Third Edition
250 _a3rd
260 _bBusiness Publications,
_c1988
300 _a944
505 0 _aThe Nature of International Business, Introduction to International Business, International Trade and Foreign Investment, Theories of International Trade and Economic Development, The International Environment: Organizations and Monetary System, International Monetary System and Balance of Payments, Foreign Environment, Financial Forces, Physical Forces, Sociocultural Forces, Political Forces, Legal Forces, Labor Forces, Competitive and Distributive Forces, Economic Forces, How Management eals with Environmental Forces, Market Assessment and Analysis, Marketing Internationally, Export Practices and Procedures, East-West Trade, Financial Management, Production System, Labor Relations Policies and Management, Planning and Organizing, Control and Staffing, The Multinational and the Global, Three Automobile Industry Cases, Appendices, Glossary, Index.
520 _aThe Nature of International Business, Introduction to International Business, International Trade and Foreign Investment, Theories of International Trade and Economic Development, The International Environment: Organizations and Monetary System, International Monetary System and Balance of Payments, Foreign Environment, Financial Forces, Physical Forces, Sociocultural Forces, Political Forces, Legal Forces, Labor Forces, Competitive and Distributive Forces, Economic Forces, How Management eals with Environmental Forces, Market Assessment and Analysis, Marketing Internationally, Export Practices and Procedures, East-West Trade, Financial Management, Production System, Labor Relations Policies and Management, Planning and Organizing, Control and Staffing, The Multinational and the Global, Three Automobile Industry Cases, Appendices, Glossary, Index.
700 1 _aBall A. Donald
_96306
700 1 _aMcculloch Wendell
_91004
942 _cBK
999 _c5424
_d5424